000 00557nam a2200181Ia 4500
008 151018s9999 xx 000 0 und d
082 _bRBASDV22648
_a891.463
100 _aविद्याधर - भागवत
245 _aयोगी
250 _b1
260 _bचिंतामणी साहित्य सहयोग
_c1990
300 _a224
600 _aविद्याधर - भागवत
630 _aयोगी
700 _aविद्याधर - भागवत
730 _aयोगी
942 _cBOOK
999 _c1022315
_d1022312